[Event "LSS OP-2006-0-00059"]
[Site "LSS email"]
[Date "2006.06.05"]
[Round "?"]
[White "Shadenfroid, Lenny"]
[Black "Vermaas, Fred"]
[Result "0-1"]
[WhiteElo "800"]
[BlackElo "1344"]
[PlyCount "20"]
[EventDate "2006.06.04"]
[EventType "tourn (corr)"]
[EventRounds "4"]
[EventCountry "GER"]
[SourceTitle "Corr 2015"]
[Source "ChessBase"]
[SourceDate "2015.07.17"]
[SourceVersion "1"]
[SourceVersionDate "2015.07.17"]
[SourceQuality "1"]

1. d4 Nf6 2. Nc3 b6 3. e4 Bb7 4. e5 Ng8 5. Nf3 e6 6. Bd3 Nc6 7. 0-0 Nge7 8. Bg5 d5 9. exd6 cxd6 10. d5 Ne5 0-1

[Event "IECG SN.2006.0.00002"]
[Site "IECG email"]
[Date "2006.04.24"]
[Round "?"]
[White "Shadenfroid, Lenny"]
[Black "Puri, Chaand"]
[Result "0-1"]
[WhiteElo "800"]
[BlackElo "800"]
[PlyCount "40"]
[EventDate "2006.04.24"]
[EventType "tourn (corr)"]
[EventRounds "6"]
[SourceTitle "Corr 2008"]
[Source "ChessBase"]
[SourceDate "2008.06.24"]
[SourceVersion "1"]
[SourceVersionDate "2008.06.24"]
[SourceQuality "1"]

1. e4 e5 2. Nf3 Nf6 3. Nxe5 Qe7 4. d4 d6 5. Nf3 Nxe4 6. Be2 Nc6 7. 0-0 Bf5 8. d5 Nb4 9. c3 Na6 10. Nd4 Bd7 11. Bxa6 bxa6 12. Re1 0-0-0 13. f3 c5 14. dxc6 Be8 15. Rxe4 Qc7 16. Qe2 a5 17. Nb5 Qxc6 18. Nxa7+ Kc7 19. Nxc6 Bxc6 20. Rc4 g6 0-1